USA sa nechcú vzdať škodlivých pesticídov
Škodlivý vplyv pesticídov, používaných na poľnohospodárske plodiny, na zdravie pestovateľov. Únik pesticídov do ovzdušia a ich škodlivé účinky na obyvateľov. Úsilie administratívy amerického prezidenta presadiť využívanie pesticídov prostredníctvom rôznych výnimiek. Vplyv pesticídov na ozónovú vrst...
Saved in:
| Main Author: | |
|---|---|
| Format: | Book Chapter |
| Language: | Slovak |
| Subjects: | |
| Tags: |
No Tags, Be the first to tag this record!
|
MARC
| LEADER | 00000naa$a2200000$$$4500 | ||
|---|---|---|---|
| 001 | 0036756 | ||
| 005 | 20231004131029.0 | ||
| 041 | 0 | |a slo | |
| 044 | |a SK | ||
| 245 | 1 | 0 | |a USA sa nechcú vzdať škodlivých pesticídov |c Elena Molnárová |
| 520 | |a Škodlivý vplyv pesticídov, používaných na poľnohospodárske plodiny, na zdravie pestovateľov. Únik pesticídov do ovzdušia a ich škodlivé účinky na obyvateľov. Úsilie administratívy amerického prezidenta presadiť využívanie pesticídov prostredníctvom rôznych výnimiek. Vplyv pesticídov na ozónovú vrstvu Zeme. Prístup amerických farmárov k uvedenej problematike. Obmedzenia Európskej únie. | ||
| 610 | 2 | 0 | |a poľnohospodárstvo |
| 610 | 2 | 0 | |a plodiny poľnohospodárske |
| 610 | 2 | 0 | |a zvyšovanie produktivity |
| 610 | 2 | 0 | |a dohody medzinárodné |
| 610 | 2 | 0 | |a ochrana zdravia |
| 610 | 2 | 0 | |a USA |
| 100 | 1 | |a Molnárová, Elena | |